Normal view
MARC view
- DR ARSLAN SHOUKAT
Entry Personal Name
001 - CONTROL NUMBER
- control field: 72803
003 - CONTROL NUMBER IDENTIFIER
- control field: NUST
005 - DATE AND TIME OF LATEST TRANSACTION
- control field: 20210628204915.0
008 - FIXED-LENGTH DATA ELEMENTS
- fixed length control field: 210628|| aca||aabn | a|a d
040 ## - CATALOGING SOURCE
- Original cataloging agency: NUST
- Transcribing agency: NUST
100 ## - HEADING--PERSONAL NAME
- Personal name: DR ARSLAN SHOUKAT
670 ## - SOURCE DATA FOUND
- Source citation: Work cat.: (NUST): KEFEEL WAHID, 72802, TH-SOF-0758-ROTATIONAL INVARIANT LOCAL FEATURES FOR TEXTURE CLASSIFICATION, A COMPARATIVE STUDY, 2001
